| 000 | 00671nam a2200181Ia 4500 | ||
|---|---|---|---|
| 008 | 090123s9999 xx 000 0 und d | ||
| 082 |
_b36662 _a891.463/सप्रे |
||
| 100 | _aसप्रे मधुवंती | ||
| 245 | _aबारा घरच्या बारा जणी | ||
| 250 | _a1 | ||
| 260 |
_bश्री शब्दरत्न प्रकाशन _c2004 |
||
| 300 | _a214 | ||
| 600 | _aसप्रे मधुवंती | ||
| 630 | _aबारा घरच्या बारा जणी | ||
| 700 | _aसप्रे मधुवंती | ||
| 730 | _aबारा घरच्या बारा जणी | ||
| 942 | _cBOOK | ||
| 999 |
_c74729 _d74729 |
||